000 00531nam a2200181 i 4500
001 141769
003 ES-MaACL
005 20230906200350.0
007 t|
008 070927q18781890fr ||||1| fre d
100 1 _aVinet, Ernest.
_9115327
245 1 0 _aBibliographie méthodique et raisonnée des beaux-arts /
_cErnest Vinet.
260 _aParis :
_bF. Didot,
_c[ca. 1878]
300 _aVII, p. 145-288 ;
_c23 cm.
500 _aEjemplar falto de portada.
650 4 _aBibliografía.
_910516
852 _aES-MaACL
_jT-380-F-3
999 _c141769
_d141769